სამხრეთ-აღმოსავლეთ კავკასიის ეთნოკულტურული სისტემა ბრინჯაო-რკინის ხანაში / (ბიბ.ჩანაწერი № 59908)
[ მარტივი ფორმატი ]
| 000 -ლიდერი | |
|---|---|
| ფიქსირებული სიგრძის საკონტროლო ველი | 02090nam a22002537a 4500 |
| 003 - საკონტროლო ნომრის იდენტიფიკატორი | |
| საკონტროლო ველი | Ge_BSU |
| 005 - ბოლო ოპერაციის თარიღი და დრო | |
| საკონტროლო ველი | 20230511133521.0 |
| 008 - ფიქსირებული სიგრძის მონაცემთა ელემენტები - ზოგადი ინფორმაცია | |
| ფიქსირებული სიგრძის საკონტროლო ველი | 230510s2013 ge ||||| |||| 00| 0 geo d |
| 041 ## - ენის კოდი | |
| Language code of text/sound track or separate title | geo |
| 080 ## - უნივერსალური ათობითი კლასიფიკაციის ინდექსი | |
| Universal Decimal Classification number | 902.2(479.221.2) ფ-69 |
| 100 ## - მთავარი ჩანაწერი - პიროვნების სახელი | |
| Personal name | ფიცხელაური, კონსტანტინე |
| 9 (RLIN) | 18060 |
| 245 ## - ცნობა სათაურის შესახებ | |
| Title | სამხრეთ-აღმოსავლეთ კავკასიის ეთნოკულტურული სისტემა ბრინჯაო-რკინის ხანაში / |
| Statement of responsibility, etc | კონსტანტინე ფიცხელაური; რედ.: ო. ჯაფარიძე, რ. მეტრეველი; საქართველოს მეცნირებათა ეროვნული აკადემია. |
| 264 ## - წარმოების, გამოცემის, დისტრიბუციის და სხვა ცნობები | |
| გამოცემის, წარმოების, დისტრიბუციის... ადგილი | თბილისი, |
| გამოცემის, წარმოების, დისტრიბუციის... თარიღი | 2013. |
| 300 ## - ფიზიკური აღწერა | |
| Extent | 560 გვ. : |
| Other physical details | ილ., ცხრ. ; |
| Dimensions | 29 სმ. |
| 500 ## - ზოგადი შენიშვნა | |
| General note | გარეკანზე - ოქროს ლომი ძვ.წ. III ათასწლეულის დასასრული. ალაზნის ველი. გარეკანის მეოთხე გვერდზე - ცხენებშებმული საბრძოლო ეტლის ბრინჯაოს მოდელი, ძვ.წ. IX-VIII წწ., მთა გოხები, ქ. დედოფლისწყარო. |
| 501 ## - შენიშვნა თანმხლებ მასალაზე | |
| With note | ტექსტის ნაწილი რუს. და ინგლ. თავფ. მე-2 გვ. რუს. და ინგლ |
| 504 ## - BIBLIOGRAPHY, ETC. NOTE | |
| Bibliography, etc | ბიბლიოგრ. სტატიების ბოლოს. |
| 505 ## - FORMATTED CONTENTS NOTE | |
| Formatted contents note | |
| 653 ## - INDEX TERM--UNCONTROLLED | |
| Uncontrolled term | არქეოლოგიური გათხრები კახეთში. |
| 700 ## - ADDED ENTRY--PERSONAL NAME | |
| Personal name | ჯაფარიძე, ო., |
| Relator term | რედაქტორი |
| 9 (RLIN) | 17556 |
| 700 ## - ADDED ENTRY--PERSONAL NAME | |
| Personal name | მეტრეველი, რ. |
| Relator term | რედაქტორი |
| 9 (RLIN) | 18061 |
| 710 ## - ADDED ENTRY--CORPORATE NAME | |
| Corporate name or jurisdiction name as entry element | საქართველოს მეცნირებათა ეროვნული აკადემია |
| 9 (RLIN) | 11468 |
| 942 ## - ADDED ENTRY ELEMENTS (KOHA) | |
| Source of classification or shelving scheme | |
| Koha item type | წიგნი |
| ჩამოწერის სტატუსი | დაკარგული ეგზემპლარის სტატუსი | კლასიფიკაციის წყარო ან თაროზე გაწყობის სქემა | დაზიანების სტატუსი | არ გაიცემა | მუდმივი მდებარეობა (დაცვის ადგილი) | ამჟამინდელი ადგილსამყოფელი | თაროზე განთავსების ადგილი | შეძენის თარიღი | ღირებულება, შესყიდვის ნორმალური ფასი | სრული შენახვის შიფრი | შტრიხკოდი | ბოლო ოპერაციის თარიღი | ეგზემპლარის მიმდევრობითი ნომერი (კეტერი?) | Uniform Resource Identifier | ფასის ძალაში შესვლის თარიღი | ეგზემპლარის სახეობა | საჯარო შენიშვნა |
|---|---|---|---|---|---|---|---|---|---|---|---|---|---|---|---|---|---|
| ბათუმის შოთა რუსთაველის სახელმწიფო უნივერსიტეტის მთავარი ბიბლიოთეკა | ბათუმის შოთა რუსთაველის სახელმწიფო უნივერსიტეტის მთავარი ბიბლიოთეკა | წიგნსაცავი | 2023-05-10 | 25.00 | 902.2(479.221.2) ფ-69 | 64382 | 2023-05-10 | 64382 | ბსუ-ს საპატიო დოქტორის გურამ ლორთქიფანიძის საჩუქარი | 2023-05-10 | წიგნი | 25 ლ. |
